Vida de San Francisco de Asís
Saved in:
| 主要作者: | |
|---|---|
| 格式: | 圖書 |
| 語言: | 西班牙语 |
| 出版: |
Barcelona
Franciscana
1928
|
| 主題: | |
| 標簽: |
添加標簽
沒有標簽, 成為第一個標記此記錄!
|
MARC
| LEADER | 00000nam a2200000 a 4500 | ||
|---|---|---|---|
| 001 | UCI4384 | ||
| 003 | CL-VaPUC | ||
| 008 | 080118e19280000SP |||||||||||||||||spa|d | ||
| 082 | 0 | 4 | |a 922.22 |b CUT |2 21 |
| 100 | 0 | |a Cuthbert, R. P |e author |9 526275 | |
| 245 | 1 | 0 | |a Vida de San Francisco de Asís |
| 300 | |a 590 p | ||
| 942 | |c BK | ||
| 945 | |d 20080118 00:00:00 |a rbrito | ||
| 260 | |a Barcelona |b Franciscana |c 1928 | ||
| 500 | |a Donación Padres Capuchinos | ||
| 600 | 0 | 7 | |a SAN FRANCISCO DE ASIS |2 CL-VaPUC |9 342281 |
| 650 | 0 | |a Biografías |9 255210 | |
| 650 | 0 | |a Vida religiosa |9 257284 | |
| 583 | |a last modification |c 20080118 00:00:00 |k Rodrigo Vera | ||
| 999 | |c 328326 |d 328324 | ||
| 952 | |0 0 |1 0 |4 0 |6 922_220000000000000_CUT_1928 |7 0 |8 X |9 412190 |a FDOBUD |b FDOBUD |d 2019-11-22 |i 4401778 |o 922.22 CUT 1928 |p 4401778 |r 2019-11-22 |w 2019-11-22 |y BK_X |k BUD | ||